Birthplaces of the Famous Quiz Stats

 Plays Quiz not verified by Sporcle

Score 0/25 Timer 10:00
0 Plays Today
% Correct
Rihanna
71.9%
Mila Kunis
68.8%
Charlize Theron
68.8%
Andy García
53.1%
Russell Crowe
53.1%
Bruce Willis
43.8%
Amy Adams
43.8%
Gene Simmons
43.8%
Prince Philip
40.6%
Eddie Van Halen
34.4%
Madeleine Albright
31.3%
Errol Flynn
28.1%
Edward G. Robinson
21.9%
% Correct
Elia Kazan
21.9%
Jonathan Rhys Meyers
18.8%
Julie Christie
15.6%
Ann Margret
15.6%
Sidney Poitier
12.5%
Johnny Galecki
12.5%
Bob Hope
9.4%
Billy Wilder
9.4%
Olivia de Havilland
9.4%
Irving Berlin
9.4%
Al Jolson
3.1%
Jennifer O'Neill
3.1%

You're not logged in!

Compare scores with friends on all Sporcle quizzes.
OR
Log In

Sporcle TV

Today on Sporcle TV


Watch our educational content, quiz creation guides, and fun videos on Sporcle TV.

Show Comments

Extras

Created Aug 8, 2016ReportNominate
Tags:birthplace, Famous People

Top Quizzes Today


Score Distribution

Your Account Isn't Verified!

In order to create a playlist on Sporcle, you need to verify the email address you used during registration. Go to your Sporcle Settings to finish the process.

Report this User

Report this user for behavior that violates our Community Guidelines.

Details: